00369nam a2200121Ia 4500008004000000082001500040100004400055245006000099250000500159260004100164300001200205650003000217210210b1985 xxu||||| |||| 00| 0 eng d a659.2 MOOP aMOORE (H Frazier) and KALUPA (Frank B). aPublic relations: principles, cases and problems. Ed 9. a aDelhi.bSurjeet Publications.,c1985 axix,647 aPublic Relations, Cases